Neural Networks in Chemistry and Drug Design (Record no. 24552)
[ view plain ]
| 000 -LEADER | |
|---|---|
| fixed length control field | 00835nam a22002417a 4500 |
| 003 - CONTROL NUMBER IDENTIFIER | |
| control field | NUST |
| 005 - DATE AND TIME OF LATEST TRANSACTION | |
| control field | 20190925152842.0 |
| 008 - FIXED-LENGTH DATA ELEMENTS--GENERAL INFORMATION | |
| fixed length control field | 140613b xxu||||| |||| 00| 0 eng d |
| 020 ## - INTERNATIONAL STANDARD BOOK NUMBER | |
| Terms of availability | Available |
| International Standard Book Number | 3527297790(Softcover) |
| 038 ## - RECORD CONTENT LICENSOR | |
| Staff Name | Nusrat Nadeem |
| 040 ## - CATALOGING SOURCE | |
| Original cataloging agency | DLC |
| Language of cataloging | DLC |
| Transcribing agency | RCMS |
| 082 ## - DEWEY DECIMAL CLASSIFICATION NUMBER | |
| Classification number | 615.19 JOH |
| 100 ## - MAIN ENTRY--PERSONAL NAME | |
| Personal name | Jure Zupan |
| 9 (RLIN) | 13017 |
| 245 ## - TITLE STATEMENT | |
| Title | Neural Networks in Chemistry and Drug Design |
| Statement of responsibility, etc. | Jure Zupan |
| 250 ## - EDITION STATEMENT | |
| Edition statement | 2nd,ed. |
| 260 ## - PUBLICATION, DISTRIBUTION, ETC. | |
| Place of publication, distribution, etc. | Weinheim (Federal Republic of Germany): |
| Name of publisher, distributor, etc. | Wiley-VCH |
| Date of publication, distribution, etc. | 1999. |
| 300 ## - PHYSICAL DESCRIPTION | |
| Extent | xxii,380:,p: |
| Other physical details | ill; |
| Dimensions | 27,cm. |
| 440 ## - SERIES STATEMENT/ADDED ENTRY--TITLE | |
| Title | Neural networks for chemists |
| 9 (RLIN) | 13018 |
| 538 ## - SYSTEM DETAILS NOTE | |
| Display text | Bioinformatics Lab(Photocopy Book) |
| 600 ## - SUBJECT ADDED ENTRY--PERSONAL NAME | |
| Form subdivision | 1.Drug and Design 2.Neural networks |
| 9 (RLIN) | 21402 |
| 856 ## - ELECTRONIC LOCATION AND ACCESS | |
| Materials specified | Table of contents only |
| Uniform Resource Identifier | <a href="http://www.loc.gov/catdir/toc/ecip0716/2007017469.html">http://www.loc.gov/catdir/toc/ecip0716/2007017469.html</a> |
| 942 ## - ADDED ENTRY ELEMENTS (KOHA) | |
| Source of classification or shelving scheme | |
| Koha item type | Book |
| Call number prefix | 615.19 JOH |
| Withdrawn status | Lost status | Source of classification or shelving scheme | Damaged status | Not for loan | Permanent Location | Current Location | Shelving location | Date acquired | Total Checkouts | Full call number | Barcode | Date last seen | Date last checked out | Price effective from | Koha item type | Total Renewals | Checked out |
|---|---|---|---|---|---|---|---|---|---|---|---|---|---|---|---|---|---|
| Central Library (CL) | Central Library (CL) | General Stacks | 06/13/2014 | 1 | 615.19 JOH | RCMS002317 | 01/09/2019 | 01/03/2019 | 06/13/2014 | Book | |||||||
| School of Interdisciplinary Engineering and Sciences (SINES) | School of Interdisciplinary Engineering and Sciences (SINES) | Text Books | 08/15/2016 | 1 | 615.19 JOH | RCMS002905 | 02/01/2023 | 02/01/2023 | 08/15/2016 | Text Books | 1 | 06/01/2023 |
